000 00932cam a2200205 4500
001 WB3701-28
008 000000n2000 000 0 eng u
035 _a(Sirsi) u110098
245 _aNurturing of IT clusters encouraged
260 _c2000
490 _aFinancial Times
_v27 December 2000, 3(1)
520 _aThe DTI is stepping up pressure on John Prescott and other government departments to provide the roads, schools, hospitals, houses, public transport and skills training courses needed to encourage the growth of clusters of high technology businesses. New DTI research reveals that Britain has 70 such business clusters, and that the government has a role to play in removing barriers to their growth.
590 _aWB
650 _aDTI
650 _aBUSINESS CLUSTERS
650 _aIT
650 _aHIGH TECH INDUSTRIES
690 _aENVIRONMENTAL AND LAND CONSULTANCY-PLANNING AND DEVELOPMENT
942 _n0
999 _c65663
_d65663